The European Convention on Human Rights in the legal order of the Republic of Cyprus
Αποθηκεύτηκε σε:
| Κύριος συγγραφέας: | |
|---|---|
| Μορφή: | Βιβλίο |
| Γλώσσα: | English |
| Δημοσίευση: |
Nicosia :
[s.n.],
1975,
|
| Θέματα: | |
| Ετικέτες: |
Προσθήκη ετικέτας
Δεν υπάρχουν, Καταχωρήστε ετικέτα πρώτοι!
|
MARC
| LEADER | 00000cam a2200000 i 4500 | ||
|---|---|---|---|
| 001 | 1/9958 | ||
| 008 | 000829s1975 cy | ||| |||| ||eng|| | ||
| 035 | |l 10063255 | ||
| 040 | |a GR-MyUa |b gre |e AACR2 | ||
| 041 | 0 | |a eng | |
| 082 | 7 | |a 341.48195693 |2 (22) | |
| 100 | 1 | |a Tornaritis, Criton George, |d 1902-1997. | |
| 245 | 1 | 4 | |a The European Convention on Human Rights in the legal order of the Republic of Cyprus / |c Criton G. Tornaritis. |
| 260 | |a Nicosia : |b [s.n.], |c 1975, | ||
| 300 | |a 62 σ. : |c 24 εκ. | ||
| 650 | 0 | |a Civil rights |z Cyprus. | |
| 650 | 0 | |a Political refugees |x Legal status, laws, etc. |z Cyprus. | |
| 852 | |a INST |b CHIOS |e 20000829 |h 341.48195693 TOR |p 005200017843 |q 005200017843 |t BK |y 0 | ||
| 901 | |a BIBL2-2000-2 | ||
| 970 | |z 2000/08/ΣΟΦΙΑ | ||